Biblioteca modular de termodinámica : introducción microscópica a la segunda ley

Bibliographic Details
Main Authors: Irey, Richard K., Ansari, Ali., Pohl, James H.
Format: Section = Libro
Language:Undetermined
Spanish
Published: México Limusa 1988
Subjects:
LEADER 00743nam a2200253Ia 4500
008 240830s9999 xx 000 0 und d
020 |a 968-18-2635-3 
040 |a CEDOC FIQ-RUSB / Ref 536.7 I67, v.3 
041 |a spa 
082 |a Ref 536.7 I67, v.3 
100 1 |a Irey, Richard K. 
100 1 |b  Ansari, Ali. 
100 1 |c  Pohl, James H. 
245 1 0 |a Biblioteca modular de termodinámica : introducción microscópica a la segunda ley 
260 |a México  |b Limusa  |c 1988 
300 |a 95 p. :il 
650 7 |a TERMODINAMICA 
650 7 |b  EQUILIBRIO - COMPRESION MICROSCOPICA 
650 7 |c  ENTROPIA 
650 7 |d  DISTRIBUCION ALEQUILIBRIO 
650 7 |e  SEGUNDA LEY TERMODINAMICA 
942 |c BK  |2 ddc 
991 |a TEXTO 
999 |c 14163